LEADER 01557nam a2200385 u 4500 001 000000051306 003 CaOOAMICUS 005 20070226115325.0 008 000914s1992 it u000 u ita u 020 $a8845909417 035 $a10855437 040 $aPUL$bita$dPUL(R) 041 1 $aita$hger 100 1 $aHeidegger, Martin,$d1889-1976.$0(OLS)http://pul/name/5737 240 10$aVier Seminare.$lItaliano.$0(OLS)http://pul/title/68960 245 10$aSeminari /$cMartin Heidegger ; a cura di Franco Volpi ; traduzione di Massimo Bonola. 260 $aMilano :$bAdelphi,$c1992. 300 $a229 p. ;$c18 cm 490 1 $aPiccola biblioteca Adelphi ;$v298 500 $a"Postfazione di Curd Ochwadt": p. 213-229. 504 $aBibliografia in nota. 650 4$aFilosofia del linguaggio.$0(OLS)http://pul/subject/8316 700 1 $aBonola, Massimo.$0(OLS)http://pul/name/36854 700 1 $aVolpi, Franco,$d1952-2009.$0(OLS)http://pul/name/10350 830 0$aPiccola biblioteca Adelphi ;$v298.$0(OLS)http://pul/title/37100 850 $aPUL 852 $aPUL$W1$xSL Filosofia 1$y2$m86 L 50$j67966$nBK-PRI$b $qStampati$B67966$CPULBib$Z2$F67966 $H $81 941 1 $a8 960 $aLinguaggio$xFilosofia$98316 960 $aLinguaggio e filosofia$98316 960 $aLinguaggio e pensiero$98316 961 $aINV: 82210 996 $6020$a8845909417$9(OLS)http://pul/number/64931 996 $6245$aSeminari$9(OLS)http://pul/title/68961 996 $6260$aMilano :$bAdelphi$9(OLS)http://pul/publisher/51018 LEADER 00955nam a2200253 u 4500 001 000000016500 003 CaOOAMICUS 005 20070226110011.0 008 941010s1943 it u000 u ita u 035 $a10386838 040 $aPUL$bita 100 1 $aTibullus, Albius,$d48-19 a.C.$0(OLS)http://pul/name/14999 245 10$aElegie. /$cTesto latino e versione potica di Guido Vitali. 260 $aBologna :$bZanichelli,$c1943. 300 $axvi, 368 p. ;$c20 cm 490 1 $aPoeti di Roma 700 1 $aVitali, Guido.$0(OLS)http://pul/name/11847 830 0$aPoeti di Roma.$0(OLS)http://pul/title/18025 850 $aPUL 852 $aPUL$W1$xDP1 Fondo Cecchetti$y53$m293 D 35$j23228$nBK-PRI$b $qFondi$B23228$CPULBib$Z2$F23228 $HPUL3333 $81 900 $aTibullo,$d48-19 a.C.$914999 941 1 $a1 996 $6245$aElegie.$9(OLS)http://pul/title/21934 996 $6260$aBologna :$bZanichelli$9(OLS)http://pul/publisher/48255